| 000 | 00377nam a2200145Ia 4500 | ||
|---|---|---|---|
| 008 | 230917s9999||||xx |||||||||||||| ||und|| | ||
| 040 |
_e97338 _aMAIN |
||
| 041 | _aEnglish | ||
| 082 | _a574.0724 B469P | ||
| 100 | _aBhojwani, S S | ||
| 245 | 0 | _aPlant tissue culture: theory and practice | |
| 260 |
_aAmsterdam _bElsevier Science _c1992 |
||
| 300 | _aviii, 502 p. | ||
| 942 | _cBK | ||
| 999 |
_c85501 _d85501 |
||